| 000 | 00739nam a2200205 i 4500 | ||
|---|---|---|---|
| 001 | 163496 | ||
| 003 | ES-MaACL | ||
| 005 | 20250721062641.0 | ||
| 008 | 050713s1863 fr | |||||||| ||fre d | ||
| 040 |
_aCAM _bspa _cCAM |
||
| 100 | 1 |
_aRichelot, Henri. _9131795 |
|
| 245 | 1 | 0 |
_aUne révolution en économie politique _b: exposé des doctrines de M. Macleon / _cpar Henri Richelot. |
| 260 |
_aParis : _bCapelle libraire-éditeur, _c1863 ( _eCorbeil : _fTyp. et stér. de Crété) |
||
| 300 |
_a396 p. ; _c22 cm. |
||
| 600 | 1 | 4 |
_aMacleod, Henry Dunning- _xCrítica e interpretación. _9129298 |
| 650 | 0 | 7 |
_aEconomía _2embne _912006 |
| 752 |
_aFrancia - _dParís |
||
| 852 |
_aES-MaACL _jG-12152 _z-- Enc. hol. |
||
| 999 |
_c163496 _d163496 |
||